Diversos aspectos del derecho en los Estados Unidos

Uloženo v:
Podrobná bibliografie
Korporativní autor: Facultad de Derecho de la Universidad de Harvard (Autor)
Médium: Kniha
Jazyk:španělština
Vydáno: Ciudad de México Letras 1965
Témata:
Tagy: Přidat tag
Žádné tagy, Buďte první, kdo vytvoří štítek k tomuto záznamu!

MARC

LEADER 00000nam a2200000 a 4500
001 UCT8864
003 CL-VaPUC
008 970326e19650000MX |||||||||||||||||spa|d
082 0 4 |a 340.094  |b FAC  |2 21 
110 2 |a Facultad de Derecho de la Universidad de Harvard  |e author  |9 381029 
245 1 0 |a Diversos aspectos del derecho en los Estados Unidos 
300 |a 244 p 
942 |c BK 
945 |d 19970326 00:00:00  |a paguirre 
260 |a Ciudad de México  |b Letras  |c 1965 
650 7 |a DERECHO  |2 CL-VaPUC  |9 381030 
650 0 |a Derecho civil  |9 255013 
650 0 |a Jueces  |9 256162 
650 7 |a DELINCUENTES  |2 CL-VaPUC  |9 315465 
650 7 |a DERECHOS DE LOS PRISIONEROS  |2 CL-VaPUC  |9 380971 
650 0 |a Corte suprema   |9 370023 
650 0 |a Derecho constitucional   |9 222588 
650 0 |a Derecho comercial   |9 256340 
650 0 |a Propiedad   |9 255268 
650 0 |a Derecho internacional  |9 255637 
650 0 |a Filosofía del derecho   |9 255050 
651 0 |a Estados Unidos  |9 255178 
583 |a last modification  |c 19970326 00:00:00  |k Rodrigo Vera 
999 |c 257336  |d 257334 
952 |0 0  |1 0  |4 0  |6 340_094000000000000_FAC_1965  |7 0  |8 A  |9 280736  |a BIBDER  |b BIBDER  |d 2019-11-19  |i 1818902  |o 340.094 FAC 1965  |p 1818902  |r 2023-01-25  |w 2019-11-19  |y BK  |k DER 
952 |0 0  |1 0  |4 0  |6 340_094000000000000_FAC_1965  |7 0  |8 A  |9 280737  |a BIBDER  |b BIBDER  |d 2019-11-19  |i 1818864  |o 340.094 FAC 1965  |p 1818864  |r 2019-11-19  |w 2019-11-19  |y BK  |k DER